Dallo sfruttamento nei lager allo sfruttamento dei lager : un messa a punto marxista sulla questione del revisionismo storico.

Guardat en:
Dades bibliogràfiques
Format: Llibre
Idioma:italià
Publicat: Genova : Graphos, \1994!
Matèries:
Etiquetes: Afegir etiqueta
Sense etiquetes, Sigues el primer a etiquetar aquest registre!

MARC

LEADER 00000nam a22000007i 4500
001 IT\ICCU\RAV\0245766
003 ItRI
005 20260115232219.0
008 960308s1994 it |||||| ||||| |||||c
040 |b ita  |c importazione bologna sebina 
041 7 |a ita  |2 ISO-639-2 
245 0 0 |a Dallo sfruttamento nei lager allo sfruttamento dei lager :  |b un messa a punto marxista sulla questione del revisionismo storico. 
260 |a Genova :  |b Graphos,  |c \1994! 
300 |a 53 p ;  |c 20 cm. 
650 7 |a Campi di concentramento tedeschi  |2 scbi 
942 |2 ddc  |c BK  |n 0 
952 |0 0  |1 0  |4 0  |6 DOC_907_204000000000000_DAL  |7 0  |9 22100  |a BO  |b BO  |d 2026-01-15  |i 6521  |l 0  |o DOC 907.204 DAL  |p BO6521  |r 2026-01-15 23:22:19  |w 2026-01-15  |x [Sebina 5] [1 v.]  |y BK  |z 1 v. 
999 |c 18890  |d 18890